Muscles du membre supérieur - Statistiques

Statistiques générales
  • Ce quiz a été pris 384 fois
  • Le résultat moyen est 17 sur 43
Statistiques - réponses
Réponse % Correct
Deltoide
77%
Biceps Brachial
75%
Brachial
74%
Petit Rond
69%
Grand Rond
68%
Infra-Epineux
67%
Supra-Epineux
67%
Triceps Brachial
66%
Coraco-Brachial
62%
Grand Pectoral
58%
Subscapulaire
58%
Trapèze
58%
Petit Pectoral
53%
Brachio-Radial
48%
Rond pronateur
46%
Flechisseur Ulnaire du carpe
45%
Flechisseur radial du carpe
44%
Supinateur
42%
Carré pronateur
40%
Long palmaire
38%
Dentelé Antérieur
35%
Extenseur Ulnaire du carpe
35%
Flechisseur superficiel des doigts
34%
Anconé
33%
Flechisseur profond des doigts
33%
Adducteur du pouce
32%
Long flechisseur du pouce
29%
Opposant du pouce
29%
Court extenseur radial du carpe
28%
Court flechisseur du pouce
28%
Long extenseur radial du carpe
28%
Court abducteur du pouce
26%
Élévateur de la scapula
26%
Long abducteur du pouce
23%
Extenseur des doigts
21%
Extenseur de l'index
17%
Opposant du 5e doigt
14%
Abducteur du 5e doigt
13%
Court fléchisseur du 5e doigt
13%
Interosseux de la main
11%
Lombricaux de la main
11%
Extenseur du 5e doigt
6%
Long et Court extenseur du pouce
6%
Aucun quiz correspondant
Distribution des résultats
% des personnes avec chaque résultat
Percentile par nombre de réponses
Votre historique - résultats
Vous n’avez pas pris ce quiz